|
|
|
|
| LEADER |
00000nam a2200000 a 4500 |
| 001 |
vtls008417312 |
| 003 |
SK-MaSNL |
| 005 |
20260301021255.0 |
| 008 |
240318 000 0 eng |
| 040 |
|
|
|a SNK
|b slo
|c SNK
|e AACR2
|
| 100 |
1 |
|
|a Lowich, Adam
|4 aut
|9 309971
|
| 245 |
1 |
0 |
|a Lebte Predigt in dem Bausalligen alten Bethause der evangelischen Gemeine ...
|
| 260 |
|
|
|a Neusobl
|b gedruckt bey Johann Stephani
|c 1807
|
| 300 |
|
|
|a 12 s.
|
| 999 |
|
|
|c 564992
|d 566922
|
| 952 |
|
|
|a SNK
|b SNK
|y VYP
|7 0
|p 17A0492531
|o snkSC 1028/16 D1
|i snkK 597/69
|3 Rekatalogizácia
|0 0
|1 0
|4 0
|d 2005-12-09
|l 0
|r 2026-02-23 13:55:03
|w 2026-02-23
|
| 952 |
|
|
|a SNK
|b SNK
|y VYP
|7 0
|p 17A0492515
|o snkSC 1028/16 D2
|i snkK 4638/71
|3 Rekatalogizácia
|0 0
|1 0
|4 0
|d 2005-12-09
|l 0
|r 2026-02-23 13:55:03
|w 2026-02-23
|
| 952 |
|
|
|a SNK
|b SNK
|y PREZ
|7 0
|p 17A0715320
|o snkSC 1028/16
|0 0
|1 0
|4 0
|d 2011-11-21
|l 0
|r 2025-06-04 00:00:00
|w 2026-02-23
|